000
00208 a2200097 4500
001
6186
100
_a
Gibson, J.E
245
_a
Nonlinear automatic control
260
_a
_b
Mcgrawhill
_c
090
_c
5074
_d
5074
942
_a
NUST-CAE
_c
M
_c
31461
999
_c
241259
_d
241259